000 00609nam a2200241Ia 4500
003 OSt
005 20220924140818.0
006 a|||||r|||| 00| 0
007 ta
008 220923b |||||||| |||| 00| 0 ben d
020 _c08
024 _a296212
037 _cTextual
040 _aARTS
_cARTS
_bben
041 _2ben
_aben
082 _aO157,3N345x1, L6
100 _aBramhachari Tarapranab
_9211593
245 0 _aAchin parash
260 _c1976
650 _aBENGALI LITERATURE
942 _hO157,3N345x1, L6
_cTEXL
_2CC
999 _c445333
_d445333